000 00273nam a22001217a 4500
082 _a823
_bAND/M
100 _aANDRADE, MARINA
245 _aTHE MAGIC BAG AND OTHER STORIES
260 _aBOMBAY
_bPAULINE
_c1995
300 _a63
650 _aEMGLISH STORY
_zINDIA
942 _cBK
999 _c7352
_d7352